Metodický průvodce pro učitele k Preventivnímu programu sexuálního zneužívání pro ZŠ a speciální školy : upravenému dle kanadského originálu "Red Flag Green Flag" : (průvodce k pracovním listům) /

Hlavní autor: Kubátová, Dagmar, 1943-
Další autoři: Drábková, Monika, Kulhavá, Alena
Jazyk: Čeština
Vydáno: Ústí nad Labem : Univerzita Jana Evangelisty Purkyně, Pedagogická fakulta, 2005
Vydání: Vyd. 1.
Témata:
Fyzický popis: 36 s. ; 21 cm + pracovní listy pro 1.-5. roč. ZŠ v pořadači (21, 32 s. : il. ; 31 cm)
Knihy
Uloženo v:
LEADER 02469nam a2200601 a 4500
001 nkc20061645345
003 CZ PrNK
005 20060526101119.0
007 ta
008 060320s2005 xr a e f 000 0 cze
015 |a cnb001645345 
020 |a 80-7044-682-X  |q (brož.) 
035 |a (OCoLC)83979390 
040 |a ABA001  |b cze 
041 1 |a cze  |h eng 
043 |a e-xr--- 
072 7 |a 376  |x Výchova a vzdělávání zvláštních skupin osob  |2 Konspekt  |9 22 
080 |a 364.633-053.2  |2 MRF 
080 |a 364-212  |2 MRF 
080 |a 37.091.214  |2 MRF 
080 |a 373.3  |2 MRF 
080 |a 376.1  |2 MRF 
080 |a (437.3)  |2 MRF 
080 |a (072)  |2 MRF 
100 1 |a Kubátová, Dagmar,  |d 1943-  |7 jn20001005588  |4 aut 
245 1 0 |a Metodický průvodce pro učitele k Preventivnímu programu sexuálního zneužívání pro ZŠ a speciální školy :  |b upravenému dle kanadského originálu "Red Flag Green Flag" : (průvodce k pracovním listům) /  |c Dagmar Kubátová, Monika Drábková, Alena Kulhavá 
246 3 |a Preventivní program sexuálního zneužívání pro ZŠ a speciální školy 
250 |a Vyd. 1. 
260 |a Ústí nad Labem :  |b Univerzita Jana Evangelisty Purkyně, Pedagogická fakulta,  |c 2005 
300 |a 36 s. ;  |c 21 cm +  |e pracovní listy pro 1.-5. roč. ZŠ v pořadači (21, 32 s. : il. ; 31 cm) 
500 |a Přeloženo z angličtiny 
500 |a 150 výt. 
504 |a Obsahuje bibliografii 
650 0 7 |a sexuální zneužívání dětí  |7 ph139044  |2 czenas 
650 0 7 |a prevence (sociální problémy)  |7 ph138923  |2 czenas 
650 0 7 |a vzdělávací programy  |7 ph127309  |z Česko  |2 czenas 
650 0 7 |a základní školy  |7 ph116795  |z Česko  |2 czenas 
650 0 7 |a speciální školy  |7 ph116231  |z Česko  |2 czenas 
650 0 9 |a child sexual abuse  |2 eczenas 
650 0 9 |a prevention (social work)  |2 eczenas 
650 0 9 |a educational programs  |z Czechia  |2 eczenas 
650 0 9 |a elementary schools  |z Czechia  |2 eczenas 
650 0 9 |a special schools  |z Czechia  |2 eczenas 
655 7 |a metodické příručky  |7 fd132826  |2 czenas 
655 9 |a methodological manuals  |2 eczenas 
700 1 |a Drábková, Monika  |7 ola2006329743  |4 aut 
700 1 |a Kulhavá, Alena  |7 mzk2006323104  |4 aut 
765 0 |t Red Flag Green Flag  |9 Česky 
910 2 |a BOA001  |b 4-1167.124 
990 |a BK 
995 |a 01 
991 |b 200605  |c NOV 
996 6 |b 2610277331  |c 4-1167.124  |l MZK  |r Sklad / do 1 hodiny  |n 2  |p p.v.  |w 000813460  |u 000010  |a 1  |e BOA001  |j MZK50  |s P